| 000 | 01214nam0a22002651 4500 | ||
|---|---|---|---|
| 001 | rc\3514105 | ||
| 005 | 20250610030650.0 | ||
| 021 |
_aRU _b[69-91888] |
||
| 035 | _a(NLR Aleph) 007658715 | ||
| 090 |
_a6308286 _c6308286 |
||
| 100 | _a20130115d1969 |||y0rusy50 ca | ||
| 101 | 0 | _arus | |
| 102 | _aRU | ||
| 105 | _ay z ||||| | ||
| 200 | 1 |
_aЭкономическая оценка эффективности приборов и средств автоматизации _fЦентр. правл. Науч.-техн. о-во приборостроит. пром-сти. Обществ. ин-т. Заоч. курсы усовершенствования ИТР по экономике приборостроения |
|
| 210 |
_aМосква _cМашиностроение _d1969 |
||
| 215 |
_a52 с. _d21 |
||
| 606 |
_aПриборы _xЭкономическая эффективность _2psbo |
||
| 606 |
_aАвтоматические устройства _xЭкономическая эффективность _2psbo |
||
| 700 | 1 |
_aБрудник _bС.С. _gСавелий Семенович |
|
| 801 | 0 |
_aRU _bNLR _gpsbo |
|
| 801 | 1 |
_aRU _bELAR _2rusmarc |
|
| 852 |
_aNLR _j69-6/11060 |
||
| 942 | _cBOOK | ||
| 980 | _aNB | ||